00863nam a2200241 i 450000100060000000300090000600500170001500700030003200800410003501700170007604000130009310000360010624501100014225000150025226000390026730000430030665100430034970000420039285200310043494200180046599900170048395201210050035048ES-MaACL20250605063104.0t|030211s1970 sp ||||1| spa d aB 33856-1970 cES-MaACL0 aBoquera Serra, Juan930341eaut10aRonda romántica por el viejo Madrid / cpor Juan Boquera Serra ; prólogo de Francisco Cantera Burgos. a[2ª ed.]. aBarcelona : bSeix Barral, c1970. a46 p. : bgrab. plan. pleg. ; c21 cm. 4aMadrid-xHistoria-vCuriosidades989650 aCantera Burgos, Francisco934642eaui aES-MaACLjA-9616 bR.98103 cMONOGRAFIAn0 c35048d35048 00104070aATENEOMbATENEOMcDEPO1d2008-01-17eSCl0oA-9616p1036638r2023-02-23 00:00:00w2023-02-23yMONOGRAFIA